ការស្រោចស្រងធនធានព្រៃឈើក្រោយសង្រ្គាមនៅក្នុងខេត្តក្រចេះ (Record no. 2967)

000 -LEADER
fixed length control field 00543nam a22001577a 4500
003 - CONTROL NUMBER IDENTIFIER
control field OSt
005 - DATE AND TIME OF LATEST TRANSACTION
control field 20151102140024.0
008 - FIXED-LENGTH DATA ELEMENTS--GENERAL INFORMATION
fixed length control field 151102b xxu||||| |||| 00| 0 eng d
040 ## - CATALOGING SOURCE
Transcribing agency RUA
082 ## - DEWEY DECIMAL CLASSIFICATION NUMBER
Classification number FOR យូ 1991 B116 Or.1
100 ## - MAIN ENTRY--PERSONAL NAME
9 (RLIN) 3179
Personal name យូ កាណវិមាន
245 ## - TITLE STATEMENT
Title ការស្រោចស្រងធនធានព្រៃឈើក្រោយសង្រ្គាមនៅក្នុងខេត្តក្រចេះ
260 ## - PUBLICATION, DISTRIBUTION, ETC. (IMPRINT)
Place of publication, distribution, etc. Phnom Penh
Name of publisher, distributor, etc. RUA
Date of publication, distribution, etc. 1991
300 ## - PHYSICAL DESCRIPTION
Extent 94p.
Other physical details ill.
Dimensions 29cm.
942 ## - ADDED ENTRY ELEMENTS (KOHA)
Source of classification or shelving scheme
Koha item type FOR
Holdings
Price effective from Date last seen Permanent Location Not for loan Date acquired Source of classification or shelving scheme Koha item type Barcode Lost status Damaged status Shelving location Withdrawn status Current Location Full call number
2015-11-022015-11-02Library Block B 2015-11-02 FORRUA026348  B116 Library Block BFOR យូ 1991 B116 Or.1
2015-11-022015-11-02Library Block B 2015-11-02 FORRUA026088  B116 Library Block BFOR យូ 1991 B116 Or.2
2015-11-022015-11-02Library Block B 2015-11-02 FORRUA026174  B116 Library Block BFOR យូ 1991 B116 Or.3
2015-11-022015-11-02Library Block B 2015-11-02 FORRUA026399  B116 Library Block BFOR យូ 1991 B116 Or.4
មជ្ឈមណ្ឌលឯការនៃសាកលវិទ្យាល័យភូមិន្ទកសិកម្មចំការដូង

Powered by Koha